[Event "Speed Chess Poland"]
[Site "Chess.com INT"]
[Date "2024.01.25"]
[Round "2.21"]
[White "Bartel, Mateusz"]
[Black "Klimkowski, Jan"]
[Result "0-1"]
[WhiteElo "2657"]
[BlackElo "2531"]
[PlyCount "96"]
[EventDate "2024.01.19"]
[EventType "k.o. (blitz)"]
[EventRounds "4"]
[EventCountry "POL"]
[SourceTitle "CB05_2024"]
[SourceDate "2024.01.31"]
[SourceVersion "1"]
[SourceVersionDate "2024.01.31"]
[SourceQuality "1"]

1. e4 c5 2. Nf3 d6 3. Nc3 Nf6 4. h3 a6 5. g4 e5 6. g5 Nfd7 7. h4 Nc6 8. Nd5 Nb6 9. Ne3 Be7 10. Rg1 d5 11. exd5 Nxd5 12. Bc4 Nf4 13. d3 b5 14. Bb3 Qd6 15. Ng2 Nxg2+ 16. Rxg2 Bb7 17. Rg3 Nd4 18. Nxd4 exd4 19. Qg4 Rd8 20. Bf4 Qd7 21. Qh5 Bd5 22. Bxd5 Qxd5 23. Qf3 Qxf3 24. Rxf3 Rd5 25. Kf1 Rf5 26. Re1 Kd7 27. Rxe7+ Kxe7 28. Bd6+ Ke6 29. Rxf5 Kxf5 30. Bxc5 Rd8 31. f3 Kf4 32. Kf2 Rc8 33. b4 Rd8 34. a3 f6 35. gxf6 gxf6 36. Ke2 Ke5 37. Kf2 f5 38. Kg3 Rg8+ 39. Kf2 Rg6 40. Be7 Rc6 41. Bc5 a5 42. Kg3 axb4 43. axb4 Rg6+ 44. Kf2 Ra6 45. Ke2 Ra1 46. Be7 Rh1 47. Bg5 Rh2+ 48. Kd1 Rf2 0-1

[Event "Speed Chess Poland"]
[Site "Chess.com INT"]
[Date "2024.01.25"]
[Round "2.6"]
[White "Klimkowski, Jan"]
[Black "Bartel, Mateusz"]
[Result "1/2-1/2"]
[WhiteElo "2531"]
[BlackElo "2657"]
[PlyCount "70"]
[EventDate "2024.01.19"]
[EventType "k.o. (blitz)"]
[EventRounds "4"]
[EventCountry "POL"]
[SourceTitle "CB05_2024"]
[SourceDate "2024.01.31"]
[SourceVersion "1"]
[SourceVersionDate "2024.01.31"]
[SourceQuality "1"]

1. e4 e5 2. Nf3 Nc6 3. Bb5 a6 4. Ba4 Bc5 5. c3 Nge7 6. 0-0 Ba7 7. d4 Ng6 8. Be3 0-0 9. Nbd2 d6 10. h3 b5 11. Bc2 a5 12. a4 b4 13. Bd3 bxc3 14. bxc3 exd4 15. cxd4 Nb4 16. Bc4 d5 17. exd5 Nxd5 18. Nb3 Be6 19. Rc1 Bb6 20. Nc5 Bxc5 21. dxc5 Nxe3 22. fxe3 Bxc4 23. Rxc4 Qe7 24. Qd3 Rfe8 25. e4 Rad8 26. Qc3 Ne5 27. Nxe5 Qxe5 28. Qxa5 Rd3 29. Qb5 Rxh3 30. gxh3 Qg3+ 31. Kh1 Qxh3+ 32. Kg1 Qg3+ 33. Kh1 Qh3+ 34. Kg1 Qg3+ 35. Kh1 Qh3+ 1/2-1/2

[Event "Speed Chess Poland"]
[Site "Chess.com INT"]
[Date "2024.01.25"]
[Round "2.12"]
[White "Klimkowski, Jan"]
[Black "Bartel, Mateusz"]
[Result "1/2-1/2"]
[WhiteElo "2531"]
[BlackElo "2657"]
[PlyCount "73"]
[EventDate "2024.01.19"]
[EventType "k.o. (blitz)"]
[EventRounds "4"]
[EventCountry "POL"]
[SourceTitle "CB05_2024"]
[SourceDate "2024.01.31"]
[SourceVersion "1"]
[SourceVersionDate "2024.01.31"]
[SourceQuality "1"]

1. Nf3 Nf6 2. g3 b5 3. Bg2 Bb7 4. 0-0 e6 5. d3 Be7 6. e4 d6 7. a4 b4 8. a5 0-0 9. c3 c5 10. cxb4 cxb4 11. Nbd2 Ba6 12. Nb3 Nc6 13. Re1 Rc8 14. Be3 Qd7 15. Qd2 Ng4 16. d4 Nxe3 17. Qxe3 Bb5 18. Bh3 d5 19. e5 Qb7 20. Bf1 Bxf1 21. Rxf1 Rc7 22. Rfc1 Rfc8 23. Qd3 Nb8 24. Rxc7 Rxc7 25. Nfd2 Qa6 26. Qxa6 Nxa6 27. Kf1 Kf8 28. Ke2 Ke8 29. Kd3 Kd7 30. f4 h5 31. Rf1 g6 32. h3 Rc8 33. Nf3 Kc6 34. Rc1+ Kd7 35. Rf1 Kc6 36. Rc1+ Kd7 37. Rf1 1/2-1/2

[Event "Speed Chess Poland"]
[Site "Chess.com INT"]
[Date "2024.01.25"]
[Round "2.16"]
[White "Klimkowski, Jan"]
[Black "Bartel, Mateusz"]
[Result "1-0"]
[WhiteElo "2531"]
[BlackElo "2657"]
[PlyCount "173"]
[EventDate "2024.01.19"]
[EventType "k.o. (blitz)"]
[EventRounds "4"]
[EventCountry "POL"]
[SourceTitle "CB05_2024"]
[SourceDate "2024.01.31"]
[SourceVersion "1"]
[SourceVersionDate "2024.01.31"]
[SourceQuality "1"]

1. Nf3 Nf6 2. c4 e6 3. d4 d5 4. Nc3 Bb4 5. Qa4+ Nc6 6. e3 0-0 7. Qc2 a5 8. Bd3 a4 9. 0-0 a3 10. bxa3 Bxa3 11. Bxa3 Rxa3 12. Rab1 dxc4 13. Bxc4 Ra8 14. Rfc1 Ne7 15. Bd3 Ng6 16. Ne4 Nd5 17. Nc3 Nxc3 18. Qxc3 c6 19. Rc2 Qd5 20. a3 Rd8 21. Bxg6 hxg6 22. Ne5 f6 23. Nc4 Ra6 24. a4 e5 25. Nb6 exd4 26. Nxd5 dxc3 27. Nxc3 Bf5 28. e4 Bc8 29. f3 Kf7 30. Kf2 Ke6 31. Ke3 g5 32. g3 Ke7 33. Rb4 Ra5 34. Ne2 g6 35. Nc3 Rc5 36. Rd4 Rxd4 37. Kxd4 Ra5 38. Rb2 Kd6 39. f4 gxf4 40. gxf4 g5 41. fxg5 Rxg5 42. Rf2 Ke7 43. Rf4 Be6 44. Rh4 Rg7 45. Rh8 Kd6 46. Rd8+ Bd7 47. Rb8 Bh3 48. Rd8+ Ke7 49. Rb8 Kd6 50. Rd8+ Rd7 51. Rxd7+ Bxd7 52. h4 c5+ 53. Ke3 Be8 54. Kf4 Ke6 55. a5 Bh5 56. Nd5 c4 57. Ke3 Ke5 58. Nf4 Bf7 59. h5 f5 60. h6 Bg8 61. Ng6+ Kf6 62. exf5 Bh7 63. Nf8 Bxf5 64. Kd4 Kf7 65. h7 Kg7 66. Kxc4 Kh8 67. Kc5 Be4 68. Kb6 Bf3 69. Ne6 Bg2 70. Nc5 Kxh7 71. Nxb7 Bf1 72. Nd6 Kg6 73. Nb5 Kf6 74. a6 Ke7 75. Kc7 Bg2 76. Nd6 Ba8 77. Nb7 Ke8 78. Kb8 Kd7 79. Kxa8 Kc7 80. Ka7 Kc8 81. Kb6 Kb8 82. Nc5 Ka8 83. Ne4 Kb8 84. Nd6 Ka8 85. Nb5 Kb8 86. a7+ Ka8 87. Nc7# 1-0